[Event "AUTO-MASTER-3066"]
[Site "http://www.queenalice.com/game.php?id=1770924"]
[Date "2021.9.27"]
[Round "1"]
[White "grepovsky"]
[Black "clovis"]
[Result "1/2-1/2"]
[WhiteElo "2152"]
[BlackElo "2138"]

1. d4 d5 2. c4 c6 3. Nf3 e6 4. Qc2 Nf6 5. cxd5 exd5 6. Bg5 Bb4+ 7. Nc3 O-O 8. e3
Nbd7 9. Bd3 Qa5 10. O-O Re8 11. Rfc1 h6 12. Bh4 Bxc3 13. bxc3 Ne4 14. c4 Ndf6
15. cxd5 cxd5 16. Qc7 Qa3 17. Bxe4 Nxe4 18. Ne5 Be6 19. Qc2 Rac8 20. Qd1 Rxc1
21. Qxc1 Qc3 22. Qxc3 Nxc3 23. Kf1 Bf5 24. Ke1 f6 25. Nf3 b5 26. Kd2 Ne4+ 27.
Kd1 Rc8 28. Nd2 Nxd2 29. Kxd2 Rc2+ 30. Kd1 b4 31. Bg3 a5 32. Ke1 a4 33. Bd6 b3
34. axb3 axb3 35. Ba3 Kf7 36. Rb1 Rxf2 37. Rxb3 Rxg2 38. Rb7+ Kg8 39. Bd6 Be4
40. Kf1 h5 41. Re7 Rc2 42. Rc7 g5 43. Rxc2 Bxc2 44. Kf2 Kf7 45. Bb8 Kg6 46. Bc7
Kf5 47. Bb8 Ke4 48. Bc7 f5 49. Be5 h4 50. Bf6 f4 51. Bxg5 fxe3+ 52. Bxe3 h3 53.
Ke2 Bd1+ 54. Kd2 Bf3 1/2-1/2

[Event "AUTO-ELITE-2238"]
[Site "http://www.queenalice.com/game.php?id=1771183"]
[Date "2021.10.1"]
[Round "2"]
[White "Matt24"]
[Black "grepovsky"]
[Result "1-0"]
[WhiteElo "2663"]
[BlackElo "2097"]

1. d4 Nf6 2. c4 g6 3. Nc3 Bg7 4. e4 d6 5. Nf3 O-O 6. Be2 c5 7. d5 Na6 8. a3 e6
9. dxe6 Bxe6 10. Bf4 Ne8 11. O-O Nac7 12. h3 f5 13. exf5 Rxf5 14. Qd2 Qe7 15.
Bd3 1-0

[Event "AUTO-ELITE-2238"]
[Site "http://www.queenalice.com/game.php?id=1771184"]
[Date "2021.10.1"]
[Round "2"]
[White "grepovsky"]
[Black "Matt24"]
[Result "0-1"]
[WhiteElo "2095"]
[BlackElo "2664"]

1. d4 Nf6 2. c4 e6 3. Nc3 Bb4 4. e3 d5 5. a3 Bxc3+ 6. bxc3 O-O 7. cxd5 exd5 8.
Bd3 b6 9. Ne2 Ba6 10. Bxa6 Nxa6 11. Qd3 Nb8 12. O-O Qc8 13. f3 Qa6 14. Qxa6 Nxa6
15. Ng3 Rfe8 0-1

[Event "AUTO-ELITE-2238"]
[Site "http://www.queenalice.com/game.php?id=1771187"]
[Date "2021.10.1"]
[Round "2"]
[White "Guilherme_Ottoni"]
[Black "grepovsky"]
[Result "1-0"]
[WhiteElo "2216"]
[BlackElo "2138"]

1. e4 c5 2. Nf3 d6 3. Bb5+ Nd7 4. d4 cxd4 5. Qxd4 Nf6 6. O-O g6 7. e5 dxe5 8.
Nxe5 Bg7 9. Nxd7 Bxd7 10. Bxd7+ Qxd7 11. Qxd7+ Nxd7 12. Rd1 O-O 13. Rxd7 Rfd8
14. Rd3 Rxd3 15. cxd3 Rd8 16. Kf1 1-0

[Event "AUTO-ELITE-2238"]
[Site "http://www.queenalice.com/game.php?id=1771188"]
[Date "2021.10.1"]
[Round "2"]
[White "grepovsky"]
[Black "Guilherme_Ottoni"]
[Result "1/2-1/2"]
[WhiteElo "2128"]
[BlackElo "2225"]

1. d4 d5 2. c4 dxc4 3. Nf3 a6 4. e3 Nf6 5. Bxc4 e6 6. O-O c5 7. Qe2 b5 8. Bb3 c4
9. Bc2 Bb7 10. e4 Be7 11. Rd1 Nbd7 12. a4 Nb6 13. axb5 axb5 14. Rxa8 Qxa8 15. b3
Bxe4 16. bxc4 Bxc2 17. Qxc2 bxc4 18. Ne5 Qc8 19. Ba3 Bxa3 1/2-1/2

[Event "AUTO-OPEN-4146"]
[Site "http://www.queenalice.com/game.php?id=1773828"]
[Date "2021.11.2"]
[Round "2"]
[White "grepovsky"]
[Black "parapunzi"]
[Result "0-1"]
[WhiteElo "2078"]
[BlackElo "2614"]

1. d4 Nf6 2. c4 e6 3. Nc3 Bb4 4. e3 O-O 5. Bd3 d5 6. Nf3 dxc4 7. Bxc4 c5 8. O-O
cxd4 9. exd4 b6 10. Qe2 Bb7 0-1

[Event "AUTO-OPEN-4146"]
[Site "http://www.queenalice.com/game.php?id=1773830"]
[Date "2021.11.2"]
[Round "2"]
[White "grepovsky"]
[Black "Tonto"]
[Result "1-0"]
[WhiteElo "2177"]
[BlackElo "1878"]

1. d4 d5 2. c4 dxc4 3. Nf3 b5 4. a4 c6 5. e3 a6 6. b3 cxb3 7. axb5 e6 8. Qxb3
Nf6 9. bxa6 Bxa6 10. Bxa6 Nxa6 11. O-O Be7 12. Ba3 Rb8 13. Qc4 Nc7 14. Qxc6+ Kf8
15. Bxe7+ Qxe7 16. Ra7 Nfe8 17. Ne5 Kg8 18. Nc3 h5 19. Rc1 Qd8 20. Ne4 f6 21.
Nd7 Rc8 22. Nd6 Nxd6 23. Qxd6 Nb5 24. Qxe6+ Kh7 25. Rxc8 Qxc8 26. Qf5+ Kh6 27.
Qxb5 Qc1+ 28. Qf1 Qc6 29. h3 Rd8 30. Nc5 Rd5 31. Qb1 Rg5 32. e4 Qc8 33. Ra3 h4
34. Qd3 Qe8 35. Qe3 Qc6 36. d5 Qd6 37. Ne6 Qe5 38. Nxg5 fxg5 39. Qf3 Qe7 40.
Ra6+ g6 41. Qf6 Qxe4 42. Qh8# 1-0

[Event "AUTO-OPEN-4146"]
[Site "http://www.queenalice.com/game.php?id=1773831"]
[Date "2021.11.2"]
[Round "2"]
[White "Tonto"]
[Black "grepovsky"]
[Result "0-1"]
[WhiteElo "1891"]
[BlackElo "2162"]

1. e4 c5 2. Nf3 d6 3. h3 Nf6 4. c4 Nxe4 5. Be2 e5 6. d3 Nf6 7. Nc3 Be7 8. Be3
Nc6 9. Qd2 O-O 10. a3 a5 11. O-O d5 12. cxd5 Nxd5 13. Ne4 b6 14. Nc3 Nxe3 15.
Qxe3 f6 16. Qe4 Bb7 17. Nh4 Rb8 18. Qg4 Nd4 19. Bd1 f5 20. Qg3 Bxh4 21. Qxe5 Re8
22. Qf4 Qg5 23. Qd6 Qxg2# 0-1

[Event "AUTO-MASTER-3078"]
[Site "http://www.queenalice.com/game.php?id=1777031"]
[Date "2021.12.12"]
[Round "1"]
[White "grepovsky"]
[Black "Ron39"]
[Result "0-1"]
[WhiteElo "2107"]
[BlackElo "2209"]

1. d4 c6 2. e4 d5 3. exd5 cxd5 4. Bd3 Nc6 5. c3 Nf6 6. Bf4 Bg4 7. Qb3 Qd7 8. Nd2
e6 9. Ngf3 Bxf3 10. Nxf3 Na5 11. Qc2 Bd6 0-1

[Event "AUTO-MASTER-3078"]
[Site "http://www.queenalice.com/game.php?id=1777032"]
[Date "2021.12.12"]
[Round "1"]
[White "Ron39"]
[Black "grepovsky"]
[Result "1-0"]
[WhiteElo "2199"]
[BlackElo "2117"]

1. e4 e6 2. d4 d5 3. Nd2 Nc6 4. c3 e5 5. Bb5 exd4 6. Bxc6+ bxc6 7. cxd4 c5 8.
dxc5 Bxc5 9. exd5 Qxd5 10. Qe2+ Ne7 11. Ngf3 O-O 12. O-O 1-0

[Event "AUTO-MASTER-3078"]
[Site "http://www.queenalice.com/game.php?id=1777033"]
[Date "2021.12.12"]
[Round "1"]
[White "grepovsky"]
[Black "tariann"]
[Result "0-1"]
[WhiteElo "2074"]
[BlackElo "2223"]

1. d4 d5 2. c4 c6 3. Nf3 Nf6 4. Nc3 Bf5 5. cxd5 Nxd5 6. Qb3 b6 7. e4 Nxc3 8.
exf5 Nd5 9. Bd3 g6 10. O-O Bg7 11. Bd2 Nd7 12. Rac1 Rc8 13. Rfe1 O-O 14. fxg6
hxg6 15. Ne5 Nxe5 16. dxe5 e6 17. Qa4 c5 18. Rcd1 Qc7 19. Qe4 c4 20. Bb1 b5 21.
a3 Rfd8 22. h4 c3 23. bxc3 Nxc3 24. Bxc3 Rxd1 0-1

[Event "AUTO-MASTER-3078"]
[Site "http://www.queenalice.com/game.php?id=1777034"]
[Date "2021.12.12"]
[Round "1"]
[White "tariann"]
[Black "grepovsky"]
[Result "1-0"]
[WhiteElo "2231"]
[BlackElo "2064"]

1. e4 e6 2. d4 d5 3. Nc3 Nf6 4. Bg5 Bb4 5. e5 h6 6. exf6 hxg5 7. fxg7 Rg8 8. Nf3
a6 9. Qd2 Rxg7 10. Be2 Nc6 11. O-O Qf6 12. h3 Bd7 13. a3 Bd6 14. Rfe1 Qf4 15.
Rad1 Qxd2 16. Rxd2 O-O-O 17. Nd1 f6 18. c4 Ne7 19. Ne3 c6 20. c5 Bc7 21. b4 1-0

[Event "AUTO-MASTER-3078"]
[Site "http://www.queenalice.com/game.php?id=1777035"]
[Date "2021.12.12"]
[Round "1"]
[White "grepovsky"]
[Black "Telex_Mweene"]
[Result "0-1"]
[WhiteElo "2117"]
[BlackElo "2084"]

1. d4 Nf6 2. c4 e6 3. Nc3 d5 4. cxd5 exd5 5. Bg5 Be7 6. e3 Nbd7 7. Nf3 c6 8. Qc2
O-O 9. Bd3 g6 10. O-O Re8 11. Rab1 b6 12. b4 a5 13. a3 axb4 14. axb4 b5 15. Bxf6
Nxf6 16. Ne5 Bb7 17. Ne2 Qd6 18. Rfc1 Rec8 19. Nc3 Nd7 20. f4 Nf6 0-1

[Event "AUTO-MASTER-3078"]
[Site "http://www.queenalice.com/game.php?id=1777036"]
[Date "2021.12.12"]
[Round "1"]
[White "Telex_Mweene"]
[Black "grepovsky"]
[Result "1-0"]
[WhiteElo "2118"]
[BlackElo "2117"]

1. d4 Nf6 2. c4 g6 3. Nc3 d5 4. cxd5 Nxd5 5. e4 Nxc3 6. bxc3 Bg7 7. Nf3 c5 8.
Bc4 O-O 9. O-O Bg4 10. h3 Bxf3 11. Qxf3 cxd4 12. Rd1 Nc6 13. Bb2 Qb6 14. Rab1
Qc5 15. Bb3 dxc3 16. Rdc1 Nd4 17. Qe3 Nxb3 18. Qxc5 Nxc5 19. Bxc3 Bxc3 20. Rxc3
b6 21. f3 1-0

[Event "AUTO-MASTER-3080"]
[Site "http://www.queenalice.com/game.php?id=1778194"]
[Date "2021.12.24"]
[Round "1"]
[White "grepovsky"]
[Black "Rutty"]
[Result "0-1"]
[WhiteElo "2190"]
[BlackElo "2167"]

1. d4 d5 2. Nf3 Nf6 3. c4 c6 4. e3 g6 5. Nc3 Bg7 6. Bd3 O-O 7. O-O Bg4 8. h3
Bxf3 9. Qxf3 dxc4 10. Bxc4 Nbd7 11. Rd1 Nb6 0-1

[Event "AUTO-MASTER-3080"]
[Site "http://www.queenalice.com/game.php?id=1778195"]
[Date "2021.12.24"]
[Round "1"]
[White "Rutty"]
[Black "grepovsky"]
[Result "1-0"]
[WhiteElo "2180"]
[BlackElo "2177"]

1. e4 e6 2. d4 d5 3. e5 b6 4. Nf3 Ne7 5. Bd3 Ba6 6. Qe2 Bxd3 7. Qxd3 Qd7 8. Nc3
c5 9. Be3 c4 10. Qd2 Nbc6 11. O-O a6 12. Nh4 1-0

[Event "AUTO-MASTER-3080"]
[Site "http://www.queenalice.com/game.php?id=1778198"]
[Date "2021.12.24"]
[Round "1"]
[White "grepovsky"]
[Black "Scharlatan"]
[Result "0-1"]
[WhiteElo "2093"]
[BlackElo "2108"]

1. d4 Nf6 2. c4 g6 3. Nc3 Bg7 4. e4 d6 5. Be2 O-O 6. Nf3 e5 7. O-O exd4 8. Nxd4
Re8 9. f3 c6 10. Kh1 Nbd7 0-1